00698nam a2200205 a 45000010005000000030005000050050017000100080041000270400026000681000017000942450085001112600027001962600034002233000011002575000114002686100014003826100042003966500027004386500027004651152CDMR20131024134028.0130130s1995||||||||||||||||||||||||||||d aCDMRbcatcCPC GIRONA1 aNiqui, Cinto14aEls oïdors parlenb: 15 anys de “L'altra ràdio” a Ràdio 4cCinto Niqui aBarcelona :bNuevo Maf bManuel Castro i Vinagrec1995 a130 p. aConté un recull de transcripcions d'entrevistes realitzades per Cinto Niqui al seu programa "L'altra radio"2 aRàdio 42 aAltra ràdio (Programa radiofònic)04aCelebritatsxIntervius04aPeriodistesvIntervius